Open Data Biblioteca Nacional de Portugal


República Portuguesa: Ministério da Cultura
Biblioteca Nacional de Portugal

Catálogo da BNP: acesso por Identificadores Unívocos
Registos Bibliográficos associados ao registo de autoridade

Etiqueta de registo: 00254nam 2200025 450
001 2283218
003 http://id.bnportugal.gov.pt/bib/catbnp/2283218
010 ## $a978-989-33-8769-6
021 ## $aPT$b556892/25
100 ## $a20260330d2025 m y0pory01030103ba
101 0# $apor
102 ## $aPT
105 ## $aa z 000yy
106 ## $ar
200 1# $a As quintas do Porto$fCésar Santos Silva$gfot. César Santos Silva, Margarida Macedo
205 ## $a1ª ed
210 #9 $a[S.l.$cs.n.],$d2025$g(Empresa Gráfica Feirense)
215 ## $a277 p.$cil.$d22 cm
700 #1 $aSilva,$bCésar Santos,$f1962-$31501127
702 #1 $91$aMacedo,$bMargarida$4600$31994230
801 #0 $aPT$bBN$gRPC
966 ## $lBN$mFGMON$x1
966 ## $lBN$mFGMON$x1
971 ## $cabrito$d20260330

OpendataBNP@bnportugal.pt | Mais informação sobre acesso aos dados BNP